000 01037nas a2200277 4500
001 BR8600483
003 BR-BrBNA
005 20231205090325.0
007 ta
008 230509b bl.|||p| |||| 00| 00por d
040 _aBR-BrBNA
_bpor
_cBiblioteca Nacional de Agricultura
041 _a(Pt)
072 _aH10
100 1 _aCalil, A.C.P.
100 1 _aChandler, L.
100 1 _aGalvao, J.D.
100 1 _aCasali, V.W.D.
100 1 _aNogueira, S.B.
245 1 _aTabela de vida das culturas para o feijoeiro (Phaseolus vulgaris (L.)com enfase nas pragas e seus danos, em tres plantios no periodo chuvoso
_bParte de tese
246 1 _aThe crop life table for beans (Phaseolus vulgaris L.)with emphasis on the pests and their damage for three planting dates during the rainy season
_bPart of thesis
650 _aFEIJAO
650 _aPRAGA DE PLANTA
773 0 _tRevista Ceres (Brazil)
_xISSN 0034-737X
_g(May-Jun 1985), v. 32(181) p. 196-226
_wBR8600483
909 _a202311
_bLúcia
_c55
_dLúcia Elande
942 _2AGRIS
_n0
_cANA
999 _c117620
_d117620